<?xml version="1.0" encoding="UTF-8"?>
<record
    xmlns:xsi="http://www.w3.org/2001/XMLSchema-instance"
    xsi:schemaLocation="http://www.loc.gov/MARC21/slim http://www.loc.gov/standards/marcxml/schema/MARC21slim.xsd"
    xmlns="http://www.loc.gov/MARC21/slim">

  <leader>00694nam a22002057a 4500</leader>
  <controlfield tag="005">20160614122155.0</controlfield>
  <datafield tag="010" ind1=" " ind2=" ">
    <subfield code="a">ENG-115255</subfield>
  </datafield>
  <datafield tag="020" ind1=" " ind2=" ">
    <subfield code="a">9789380607627</subfield>
    <subfield code="c">1395.00</subfield>
  </datafield>
  <datafield tag="035" ind1=" " ind2=" ">
    <subfield code="a">EN-98787</subfield>
  </datafield>
  <datafield tag="037" ind1=" " ind2=" ">
    <subfield code="b">DBAD/PUB</subfield>
  </datafield>
  <datafield tag="082" ind1=" " ind2=" ">
    <subfield code="a">615.880954</subfield>
  </datafield>
  <datafield tag="245" ind1=" " ind2=" ">
    <subfield code="a">India's indigenous medical systems :</subfield>
    <subfield code="b">a cross-disciplinary approach /</subfield>
    <subfield code="c">edited by Syed Ejaz Hussain [and]  Mohit Saha</subfield>
  </datafield>
  <datafield tag="260" ind1=" " ind2=" ">
    <subfield code="a">Delhi</subfield>
    <subfield code="b">Primus Books</subfield>
    <subfield code="c">2015</subfield>
  </datafield>
  <datafield tag="270" ind1=" " ind2=" ">
    <subfield code="a">Virat Bhawan, Mukherjee Nagar</subfield>
    <subfield code="b">Delhi</subfield>
    <subfield code="e">110009</subfield>
  </datafield>
  <datafield tag="300" ind1=" " ind2=" ">
    <subfield code="a">xiv,344p. :</subfield>
    <subfield code="b">ill.</subfield>
    <subfield code="c">24cm(Hb)</subfield>
  </datafield>
  <datafield tag="500" ind1=" " ind2=" ">
    <subfield code="a">Includes bibliographical references and index</subfield>
  </datafield>
  <datafield tag="700" ind1=" " ind2=" ">
    <subfield code="a">Hussain,Syed Ejaz</subfield>
  </datafield>
  <datafield tag="700" ind1=" " ind2=" ">
    <subfield code="a">Saha,Mohit</subfield>
  </datafield>
  <datafield tag="942" ind1=" " ind2=" ">
    <subfield code="2">ddc</subfield>
    <subfield code="c">EN</subfield>
    <subfield code="m">IND</subfield>
    <subfield code="h">615.880954</subfield>
  </datafield>
  <datafield tag="999" ind1=" " ind2=" ">
    <subfield code="c">100291</subfield>
    <subfield code="d">100291</subfield>
  </datafield>
  <datafield tag="952" ind1=" " ind2=" ">
    <subfield code="0">0</subfield>
    <subfield code="1">0</subfield>
    <subfield code="4">0</subfield>
    <subfield code="7">0</subfield>
    <subfield code="8">NFIC</subfield>
    <subfield code="a">DBAD</subfield>
    <subfield code="b">BN</subfield>
    <subfield code="d">2016-06-13</subfield>
    <subfield code="e">DBAD/PUB</subfield>
    <subfield code="g">1395.00</subfield>
    <subfield code="l">0</subfield>
    <subfield code="o">615.880954 IND</subfield>
    <subfield code="p">ING-98787</subfield>
    <subfield code="r">2016-06-13 00:00:00</subfield>
    <subfield code="t">1</subfield>
    <subfield code="v">1395.00</subfield>
    <subfield code="y">EN</subfield>
  </datafield>
</record>
